Porovnanie príjmov a výdavkov VÚC na zabezpečenie výkonu originálnych kompetencií
Dokončenie článku z predchádzajúceho čísla, ktorý analyzuje príjmy VÚC najmä dane z príjmu fyzických osôb na financovanie školských kompetencií samosprávnych krajov. Zvýšenie efektívnosti, transparentonosti a kvalitnejšieho poskytovania verejných statkov a služieb.
Uložené v:
| Hlavný autor: | |
|---|---|
| Médium: | Kapitola |
| Jazyk: | Slovak |
| Predmet: | |
| Tagy: |
Žiadne tagy, Buďte prvý, kto otaguje tento záznam!
|
MARC
| LEADER | 00000naa a2200000 4500 | ||
|---|---|---|---|
| 001 | 0210000 | ||
| 005 | 20231127103316.8 | ||
| 041 | 0 | |a slo | |
| 044 | |a SK | ||
| 245 | 1 | 0 | |a Porovnanie príjmov a výdavkov VÚC na zabezpečenie výkonu originálnych kompetencií |c Jana Sládečková |
| 520 | |a Dokončenie článku z predchádzajúceho čísla, ktorý analyzuje príjmy VÚC najmä dane z príjmu fyzických osôb na financovanie školských kompetencií samosprávnych krajov. Zvýšenie efektívnosti, transparentonosti a kvalitnejšieho poskytovania verejných statkov a služieb. | ||
| 610 | 2 | 0 | |a školstvo |
| 610 | 2 | 0 | |a školy |
| 610 | 2 | 0 | |a zariadenia školské |
| 610 | 2 | 0 | |a výchova |
| 610 | 2 | 0 | |a vzdelávanie |
| 610 | 2 | 0 | |a financovanie školstva |
| 610 | 2 | 0 | |a vyššie územné celky |
| 610 | 2 | 0 | |a príjmy |
| 610 | 2 | 0 | |a výdavky |
| 100 | 1 | |a Sládečková, Jana | |